[Event "WALTON BAN-chT 2019"]
[Site "Bangladesh"]
[Date "2019.12.15"]
[Round "1.10"]
[White "Chowdhury, Sohel"]
[Black "Kovalev, Vladislav"]
[Result "0-1"]
[WhiteElo "2088"]
[BlackElo "2662"]
[Annotator "TA"]
[PlyCount "64"]
[EventDate "2019.12.07"]
[EventType "team-tourn"]
[EventCountry "BAN"]
[SourceTitle "playchess.com"]
[Source "ChessBase"]
[SourceQuality "1"]

{[%evp 18,86,29,28,30,24,29,25,22,18,26,0,0,0,0,0,0,0,0,0,0,0,6,-4,0,0,0,9,16,8,21,20,11,-62,20,-52,-50,-70,-43,-123,-127,-154,-145,-240,-172,-261,-197,-205,-166,-178,-158,-223,-216,-205,-211,-335,-329,-491,-497,-452,-455,-748,-742,-1256,-1262,-1154,-1169,-29986,-29987,-29987,-29988]} 1. e4 e5 2. Nf3 Nc6 3. Bb5 a6 4. Ba4 Nf6 5. O-O Be7 6. Re1 b5 7. Bb3 d6 8. c3 O-O 9. h3 Bb7 10. d4 Nd7 {C92: Closed Ruy Lopez: 9...Be6, Karpov and Flohr-Zaitsev Variations} (10... Re8 11. Nbd2 Bf8 12. a3 h6 13. Bc2 d5 14. Nxe5 Nxe5 15. dxe5 Rxe5 16. Nf3 Re8 17. e5 Ne4 18. Qe2 c5 19. Nd2 Rxe5 20. f3 c4 21. fxe4 Bc5+ {½-½ (40) Radjabov,T (2759)-Wojtaszek,R (2737) Dortmund 2019}) 11. a4 Na5 12. Bc2 c5 {White has an edge.} 13. d5 Qc7 14. Nbd2 c4 15. Nf1 Nc5 16. Be3 $146 ({Predecessor:} 16. axb5 axb5 17. Be3 Nab3 {½-½ (42) Vera Siguenas,D (2499)-Blagojevic,D (2482) Baku 2016}) 16... Nab3 17. Ra3 Nxa4 18. Bxb3 cxb3 19. Qxb3 Nc5 $36 {[%mdl 2048] Black fights for an advantage.} 20. Bxc5 Qxc5 21. Ne3 g6 22. Rea1 Bd8 23. c4 {With the idea cxb5.} b4 24. Ra4 a5 25. Qc2 (25. Nd2 $1 $11) 25... Bb6 (25... Bc8 $1 $15) 26. b3 (26. Nd2 $1 $11) 26... Qc7 $15 27. Qd3 Kh8 28. g4 ({White should play} 28. R4a2 $15) 28... Bc5 $17 29. Kg2 Bc8 30. Nh4 (30. R4a2 $17) 30... Qd8 31. Kg3 (31. Nf3 $142) 31... Bd4 32. Rf1 h5 {Played: Qd8-g5} 0-1

[Event "WALTON BAN-chT 2019"]
[Site "Bangladesh"]
[Date "2019.12.15"]
[Round "1.11"]
[White "Safarli, Eltaj"]
[Black "Akshat, Khamparia"]
[Result "1/2-1/2"]
[WhiteElo "2601"]
[BlackElo "2399"]
[Annotator "TA"]
[PlyCount "67"]
[EventDate "2019.12.07"]
[EventType "team-tourn"]
[EventCountry "BAN"]
[SourceTitle "playchess.com"]
[Source "ChessBase"]
[SourceQuality "1"]

{[%evp 9,67,27,30,37,29,26,35,26,34,15,39,0,20,0,6,24,39,31,33,-23,-29,-46,-33,-28,-24,-32,14,8,26,28,24,22,24,16,50,10,5,0,0,0,0,0,0,0,0,0,0,0,0,0,0,0,0,0,0,0,0,0,0,0]} 1. e4 e5 2. Nf3 Nc6 3. Bb5 g6 4. c3 a6 5. Bxc6 dxc6 6. d4 {C60: Ruy Lopez: Unusual Black 3rd moves and 3...g6} exd4 7. cxd4 Bg4 8. Be3 {White is slightly better.} Bg7 9. Nc3 Ne7 10. Qb3 O-O 11. Rd1 $146 ({Predecessor:} 11. O-O-O Qd6 12. Kb1 {0-1 (37) Topalov,V (2740)-Nepomniachtchi,I (2773) Abidjan 2019}) 11... Qc8 12. h3 Be6 13. Qa3 Re8 14. Bg5 (14. O-O $14) 14... f6 $11 15. Bh4 {[#]} Nf5 $1 {[%mdl 512]} 16. O-O (16. exf5 Bc4+) 16... Nxh4 17. Nxh4 Bf8 18. Qa4 g5 {[#]} 19. Nf5 $1 {[%mdl 512]} Bxf5 20. exf5 Kg7 21. Qb3 Bd6 22. Qc2 Qd7 {The position is equal.} 23. Rfe1 Bb4 24. Qb3 a5 25. Re6 Rxe6 26. fxe6 Qd6 $1 27. d5 {Threatens to win with dxc6.} Re8 $1 28. dxc6 Qxc6 29. Rd7+ Re7 $1 30. Qd5 Kf8 31. Rd8+ Kg7 $1 32. Rd7 Kf8 $1 33. Rd8+ Kg7 $1 34. Rd7 {Accuracy: White = 34%, Black = 67%.} 1/2-1/2

[Event "WALTON BAN-chT 2019"]
[Site "Bangladesh"]
[Date "2019.12.15"]
[Round "1.12"]
[White "Rakesh Kumar Jena"]
[Black "Mollah Abdullah, Al Rakib"]
[Result "1/2-1/2"]
[WhiteElo "2335"]
[BlackElo "2461"]
[Annotator "ChessBase"]
[PlyCount "85"]
[EventDate "2019.12.07"]
[EventType "team-tourn"]
[EventCountry "BAN"]
[SourceTitle "playchess.com"]
[Source "ChessBase"]
[SourceQuality "1"]
[TimeControl "5400+30"]

1. d4 {[%emt 0:00:00]} Nf6 {[%emt 0:00:00]} 2. Nf3 {[%emt 0:00:00]} e6 {[%emt 0:00:00]} 3. Bf4 {[%emt 0:00:00]} b6 {[%emt 0:00:25]} 4. e3 {[%emt 0:00:07]} Bb7 {[%emt 0:00:19]} 5. Bd3 {[%emt 0:00:11]} Be7 {[%emt 0:01:16]} 6. h3 {[%emt 0:00:08]} O-O {[%emt 0:03:09]} 7. O-O {[%emt 0:00:07]} d6 {[%emt 0:03:01]} 8. Nbd2 {[%emt 0:00:22]} Nbd7 {[%emt 0:01:34]} 9. Bh2 {[%emt 0:00:22]} Re8 {[%emt 0:01:06]} 10. e4 {[%emt 0:08:01]} Bf8 {[%emt 0:16:35]} 11. Qe2 {[%emt 0:16:50]} e5 {[%emt 0:06:24]} 12. dxe5 {[%emt 0:07:20]} Nxe5 {[%emt 0:04:59]} 13. Nxe5 {[%emt 0:00:18]} dxe5 {[%emt 0:00:03]} 14. Rad1 {[%emt 0:06:53]} a6 {[%emt 0:09:55]} 15. Nc4 {[%emt 0:22:35]} Nd7 {[%emt 0:06:06]} 16. f4 {[%emt 0:13:03]} exf4 {[%emt 0:04:21]} 17. Rxf4 {[%emt 0:20:47]} Nc5 {[%emt 0:04:33]} 18. e5 {[%emt 0:00:52]} Nxd3 {[%emt 0:00:44]} 19. Rxd3 {[%emt 0:00:11]} Qe7 {[%emt 0:01:31]} 20. Ne3 {[%emt 0:01:06]} Rad8 {[%emt 0:01:47]} 21. Rc3 {[%emt 0:00:42]} Rd7 {[%emt 0:02:16]} 22. Nf5 {[%emt 0:00:32]} Qe6 {[%emt 0:03:44]} 23. Rf1 {[%emt 0:00:21]} f6 {[%emt 0:07:40]} 24. Qg4 {[%emt 0:00:35]} Rd2 {[%emt 0:06:28]} 25. Rg3 {[%emt 0:00:34]} fxe5 {[%emt 0:02:01]} 26. Qg5 {[%emt 0:00:29]} Rd7 {[%emt 0:02:32]} 27. Kh1 {[%emt 0:00:01]} Be4 {[%emt 0:05:25]} 28. Re3 {[%emt 0:00:42]} Bxf5 {[%emt 0:03:03]} 29. Rxe5 {[%emt 0:00:06]} Qg6 {[%emt 0:01:01]} 30. Qxf5 {[%emt 0:00:21]} Qxf5 {[%emt 0:01:08]} 31. Rexf5 {[%emt 0:00:04]} Rd2 {[%emt 0:00:37]} 32. Bxc7 {[%emt 0:00:58]} Rxc2 {[%emt 0:00:03]} 33. Bxb6 {[%emt 0:00:58]} Rxb2 {[%emt 0:00:04]} 34. Bc5 {[%emt 0:00:05]} Bxc5 {[%emt 0:00:23]} 35. Rxc5 {[%emt 0:00:01]} Rxa2 {[%emt 0:00:50]} 36. Rc7 {[%emt 0:00:03]} Rf8 {[%emt 0:00:40]} 37. Rd1 {[%emt 0:00:20]} Raf2 {[%emt 0:00:17]} 38. Rd6 {[%emt 0:02:05]} R2f6 {[%emt 0:00:14]} 39. Rd5 {[%emt 0:00:25]} R6f7 {[%emt 0:00:21]} 40. Rc6 {[%emt 0:00:22]} Ra7 {[%emt 0:01:43]} 41. Ra5 {[%emt 0:00:07]} Rf6 {[%emt 0:00:08]} 42. Rxf6 {[%emt 0:00:10]} gxf6 {[%emt 0:00:01]} 43. g4 {[%emt 0:00:01]} 1/2-1/2

[Event "WALTON BAN-chT 2019"]
[Site "Bangladesh"]
[Date "2019.12.15"]
[Round "2.1"]
[White "Zia, Tahsin Tajwar"]
[Black "Reefat, Bin-Sattar"]
[Result "1/2-1/2"]
[WhiteElo "2148"]
[BlackElo "2417"]
[Annotator "TA"]
[PlyCount "29"]
[EventDate "2019.12.07"]
[EventType "team-tourn"]
[EventCountry "BAN"]
[SourceTitle "playchess.com"]
[Source "ChessBase"]
[SourceQuality "1"]

{[%evp 9,29,-3,22,6,21,15,42,26,22,18,26,0,25,20,26,27,33,30,29,37,48,34]} 1. d4 d5 2. Bf4 Nf6 3. e3 c5 4. Nf3 Nc6 5. Nbd2 (5. Be2 cxd4 6. exd4 Bg4 7. c3 e6 8. Nbd2 Bd6 9. Ne5 Bxe2 10. Qxe2 O-O 11. O-O Qc7 12. Rfe1 Nd7 13. Nxd7 Qxd7 14. Bxd6 Qxd6 15. Nb3 Rab8 {½-½ (36) Carlsen,M (2861)-Ding,L (2805) Abidjan 2019}) 5... cxd4 6. exd4 {D02: 1 d4 d5 2 Nf3 sidelines, including 2...Nf6 3 g3 and 2...Nf6 3 Bf4} Qb6 7. Nb3 g6 8. Be2 $146 ({Predecessor:} 8. c3 Bg7 9. Bd3 O-O 10. h3 Nh5 11. Bh2 Bh6 12. O-O Bf4 {½-½ (59) Kolchin,M (2008)-Fakhrutdinov,T (2499) St Petersburg 2019}) 8... Bg7 9. O-O O-O 10. Ne5 Nd7 (10... a5 {feels hotter.} 11. a4 Ne4 12. c3 f6 13. Ng4 Qd8) 11. Nxd7 Bxd7 12. c3 Rfd8 13. Bf3 Be8 14. Re1 f6 15. Bg4 1/2-1/2

[Event "WALTON BAN-chT 2019"]
[Site "Bangladesh"]
[Date "2019.12.15"]
[Round "2.2"]
[White "Kovalev, Vladislav"]
[Black "Lugovskoy, Maxim"]
[Result "1-0"]
[WhiteElo "2662"]
[BlackElo "2466"]
[Annotator "TA"]
[PlyCount "52"]
[EventDate "2019.12.07"]
[EventType "team-tourn"]
[EventCountry "BAN"]
[SourceTitle "playchess.com"]
[Source "ChessBase"]
[SourceQuality "1"]

{[%evp 23,52,45,52,35,76,67,83,85,80,76,167,141,79,53,60,14,15,22,24,13,30,42,67,56,154,123,110,106,128,66,72]} 1. e4 e6 2. d4 d5 3. Nd2 Nf6 4. e5 Nfd7 5. Bd3 c5 6. c3 Nc6 7. Ne2 cxd4 8. cxd4 f6 9. exf6 Qxf6 10. Nf3 h6 11. O-O Bd6 12. Ng3 O-O 13. Bc2 {Qd3 is the strong threat. C06: French Tarrasch: 3...Nf6 4 e5 Nfd7 5 Bd3 main lines} Rd8 (13... Rf7 14. Re1 Nf8 15. Nh5 Qd8 16. Ne5 Bxe5 17. dxe5 Qb6 18. Nf4 Bd7 19. Nd3 Rc8 20. Be3 Qd8 {½-½ (72) Svane,R (2570)-Sethuraman,S (2623) Moscow 2017}) 14. Re1 Nf8 15. Nh5 {White is better.} Qf7 16. Ne5 Nxe5 (16... Bxe5 $16 {is a better defense.} 17. dxe5 Bd7) 17. dxe5 $18 Bc5 18. Nf4 $36 {[%mdl 2048] White has good play.} Bd7 19. h4 $146 ({Predecessor:} 19. Nd3 Bb6 20. a4 a5 {0-1 (35) Dudas,E (2242)-Kovacevic,B (2429) Schwarzach 2013}) 19... Rac8 20. Bd3 a6 21. a4 {[%cal Ba2a4,Ba4a5][%mdl 32]} b5 22. a5 Be8 23. Qg4 b4 (23... Rc6 $14) 24. Be3 Bb5 25. Bxb5 axb5 26. Bxc5 (26. b3 $16) 26... Rxc5 {Accuracy: White = 72%, Black = 33%.} 1-0

[Event "WALTON BAN-chT 2019"]
[Site "Bangladesh"]
[Date "2019.12.15"]
[Round "2.3"]
[White "Khusenkhojaev, Muhammad"]
[Black "Safarli, Eltaj"]
[Result "1/2-1/2"]
[WhiteElo "2427"]
[BlackElo "2601"]
[Annotator "TA"]
[PlyCount "66"]
[EventDate "2019.12.07"]
[EventType "team-tourn"]
[EventCountry "BAN"]
[SourceTitle "playchess.com"]
[Source "ChessBase"]
[SourceQuality "1"]

{[%evp 19,66,0,0,0,0,-9,17,25,12,12,11,17,7,17,8,18,11,0,0,-12,0,0,0,-37,22,17,21,-56,-59,-60,-56,-53,-52,-65,-29,-66,-68,-68,-63,-56,-56,-93,-92,-91,-93,-79,-75,-59,-67]} 1. Nf3 ({Predecessor:} 1. d4 Nf6 2. c4 e6 3. g3 d5 4. Bg2 Be7 {1-0 (42) Nguyen,A (2463)-Yang,C (2198) Batumi 2018}) 1... Nf6 2. c4 e6 3. g3 d5 4. d4 Be7 5. Bg2 O-O 6. O-O dxc4 7. Ne5 Nc6 8. Nxc6 bxc6 9. Na3 Bxa3 10. bxa3 {[%cal Bb2a3,Ba3a4][%mdl 32]} Ba6 11. Qd2 $146 {E05: Open Catalan: 5 Nf3 Be7} (11. Qa4 Bb5 12. Qc2 Qxd4 13. Bb2 Qc5 14. Rfd1 Rfd8 15. a4 Ba6 16. Qc3 h6 17. Ba3 Qf5 18. Bxc6 Rab8 {½-½ (40) Nakamura,H (2777)-So,W (2780) chess.com INT 2018}) 11... Rb8 12. Qa5 Rb6 13. a4 $1 {The position is equal.} Qd6 14. e4 {[#] Threatens to win with e5.} Qb4 15. Qxb4 Rxb4 16. Ba3 Rxa4 17. Bxf8 Kxf8 18. Rfd1 Ke7 19. Rd2 Ra3 20. Rc1 Bb5 21. f3 c5 (21... Nd7 $15) 22. dxc5 Nd7 23. Bf1 (23. Rb2 $11 a6 24. Bf1) 23... Ne5 $15 24. Rb2 $1 {[%cal Rb2b5]} Nxf3+ 25. Kh1 Bc6 {...c3 is the strong threat.} 26. Rxc4 a5 27. Bg2 Ne1 28. Kg1 Nxg2 29. Rxg2 f5 30. Rgc2 Bxe4 31. R4c3 {[#]} Ra4 $1 32. Rb2 Bd5 33. a3 c6 {Accuracy: White = 55%, Black = 71%.} 1/2-1/2

[Event "WALTON BAN-chT 2019"]
[Site "Bangladesh"]
[Date "2019.12.15"]
[Round "2.4"]
[White "Mollah Abdullah, Al Rakib"]
[Black "Anata, Choudhury"]
[Result "1-0"]
[WhiteElo "2461"]
[BlackElo "2137"]
[Annotator "TA"]
[PlyCount "28"]
[EventDate "2019.12.07"]
[EventType "team-tourn"]
[EventCountry "BAN"]
[SourceTitle "playchess.com"]
[Source "ChessBase"]
[SourceQuality "1"]

{[%evp 11,28,9,25,33,36,16,22,15,19,3,8,7,17,27,44,40,78,55,59]} 1. d4 Nf6 2. c4 g6 3. Nc3 d5 4. cxd5 Nxd5 5. Bd2 Nb6 6. Nf3 Bg7 7. Bg5 {D90: Grünfeld: 4 Nf3 Bg7 sidelines} (7. Bf4 O-O 8. e3 Be6 9. Be2 c5 10. dxc5 N6d7 11. Nd4 Nxc5 12. Nxe6 Nxe6 13. Bg3 Nc6 14. O-O Nc5 15. Rc1 Bxc3 16. Rxc3 {½-½ (31) Onischuk,A (2681)-Swiercz,D (2654) Saint Louis 2018}) 7... O-O 8. e3 c5 9. dxc5 {[#] And now Qxd8 would win.The position is equal.} N6d7 $1 10. Rc1 Nc6 11. Bb5 Nxc5 12. O-O Ne6 $146 ({Predecessor:} 12... h6 13. Bh4 g5 14. Bg3 Bf5 15. Qd5 Qxd5 16. Nxd5 {1-0 (66) Timoscenko,G (2536)-Rogulj,B (2427) Jesolo 1999}) 13. Bh4 Bd7 14. Rc2 {[#] Threatens to win with Rd2.} Nb4 1-0

[Event "WALTON BAN-chT 2019"]
[Site "Bangladesh"]
[Date "2019.12.15"]
[Round "2.5"]
[White "Mohammad Minhaz Uddin"]
[Black "Kulkarni, Rakesh"]
[Result "1/2-1/2"]
[WhiteElo "2324"]
[BlackElo "2334"]
[Annotator "TA"]
[PlyCount "49"]
[EventDate "2019.12.07"]
[EventType "team-tourn"]
[EventCountry "BAN"]
[SourceTitle "playchess.com"]
[Source "ChessBase"]
[SourceQuality "1"]

{[%evp 21,49,0,0,0,0,0,0,-91,-95,-96,-89,-86,-96,-97,-98,-109,-105,-132,-125,-132,-114,-133,-106,-168,-157,-186,-177,-175,-175,-157]} 1. e4 c5 2. Nf3 e6 3. d4 cxd4 4. Nxd4 a6 5. c4 Nf6 6. Nc3 Bb4 7. Bd3 Nc6 8. Nxc6 dxc6 9. e5 Qa5 10. exf6 Bxc3+ 11. bxc3 Qxc3+ 12. Bd2 {B41: Sicilian: Kan Variation: 5 c4} Qxd3 13. fxg7 Rg8 14. Qe2 {[#]} (14. Bh6 $11 {keeps the balance.} Qxc4 15. Qd6 Qc3+ {[%mdl 64] Double Attack} 16. Ke2 Qc4+ 17. Kd2 Qd5+ 18. Qxd5 exd5 19. Rhe1+ Be6 20. Rab1) (14. Bh6 Qg6 15. Qd2 e5 16. O-O-O Be6 17. Rhe1 f6 18. f4 Qxh6 19. Qd6 Kf7 {0-1 (50) Solodovnichenko,Y (2519)-Markus,R (2584) playchess.com INT 2005}) 14... Qxe2+ $1 $17 15. Kxe2 Rxg7 16. c5 $146 ({Predecessor:} 16. g3 e5 17. c5 Be6 18. Rhb1 O-O-O 19. Rb4 Rg4 20. Rxg4 Bxg4+ {½-½ (32) Nistor,V (1881)-Bucur,D (2012) Braila 2018}) 16... e5 17. Ba5 Rxg2 18. Rag1 Rg6 19. Rxg6 hxg6 {[%mdl 4096] Endgame KRB-KRB} 20. Rb1 Ke7 21. Ke3 Kf6 22. a4 (22. Bd8+ $17 {keeps fighting.} Kf5 23. Rg1) 22... Be6 $19 {Black is clearly better.} 23. Rxb7 Rh8 24. h4 {[#]} Kf5 $1 25. Rb4 {Accuracy: White = 49%, Black = 86%.} 1/2-1/2

[Event "WALTON BAN-chT 2019"]
[Site "Bangladesh"]
[Date "2019.12.15"]
[Round "2.6"]
[White "Pranav, Shetty"]
[Black "Islam, Khandaker Aminul"]
[Result "1-0"]
[WhiteElo "2162"]
[BlackElo "2206"]
[Annotator "TA"]
[PlyCount "41"]
[EventDate "2019.12.07"]
[EventType "team-tourn"]
[EventCountry "BAN"]
[SourceTitle "playchess.com"]
[Source "ChessBase"]
[SourceQuality "1"]

{[%evp 10,41,19,11,18,12,14,4,0,-7,32,28,41,-7,0,0,0,0,0,0,0,-4,0,0,12,0,23,23,62,58,73,66,79,64]} 1. e4 e5 2. Nf3 Nc6 3. Bc4 Bc5 4. c3 Nf6 5. d3 d6 6. Nbd2 {[%cal Bb1d2,Bd2f1,Bf1g3][%mdl 32]} a5 {C54: Giuoco Piano: 4 c3 Nf6, main lines with 5 d4 and 5 d3} 7. h3 (7. O-O O-O 8. h3 h6 9. Re1 Be6 10. Bb5 Qb8 11. Nf1 Qa7 12. Qd2 a4 13. Ng3 Rfd8 14. Bxc6 bxc6 {0-1 (44) Dominguez Perez,L (2763)-Mamedyarov,S (2764) Saint Louis 2019}) 7... h6 8. Nf1 Be6 {The position is equal.} 9. Bb5 $146 ({Predecessor:} 9. Bb3 d5 10. exd5 Nxd5 11. Ng3 Qd7 12. O-O O-O 13. Ne4 Ba7 14. Bxh6 gxh6 15. Bxd5 {0-1 (24) Anudari,E-Saparova,S (1741) Ulaanbaatar 2016}) 9... Bd7 10. Ng3 Ne7 11. Bc4 b5 12. Bb3 a4 13. Bc2 Bb6 14. d4 Ng6 15. O-O O-O 16. Be3 Rb8 17. Qd2 Kh7 18. Rad1 Qe8 19. Rfe1 Be6 20. Nf5 {[%cal Re3h6] [#] And now Bxh6! would win.} Ng8 21. a3 {Accuracy: White = 50%, Black = 42%.} 1-0

[Event "WALTON BAN-chT 2019"]
[Site "Bangladesh"]
[Date "2019.12.15"]
[Round "2.7"]
[White "Abu Sufian, Shakil"]
[Black "Shawket Bin, Osman Shaon"]
[Result "1-0"]
[WhiteElo "2256"]
[BlackElo "2006"]
[Annotator "TA"]
[PlyCount "60"]
[EventDate "2019.12.07"]
[EventType "team-tourn"]
[EventCountry "BAN"]
[SourceTitle "playchess.com"]
[Source "ChessBase"]
[SourceQuality "1"]

{[%evp 25,60,34,56,30,37,13,58,54,50,44,60,54,85,87,114,118,106,107,109,98,131,143,195,192,196,212,192,181,224,224,226,162,234,214,240,226,224]} 1. e4 e5 2. Nf3 Nc6 3. Bb5 a6 4. Ba4 Nf6 5. O-O Be7 6. Re1 b5 7. Bb3 d6 8. c3 Bg4 9. h3 Bh5 10. d3 O-O 11. Nbd2 {[%cal Bb1d2,Bd2f1,Bf1g3][%mdl 32]} Na5 12. Bc2 c5 13. Nf1 Qc7 14. g4 {C90: Closed Ruy Lopez with 7...d6: Early deviations} Bg6 15. Ng3 Rfe8 16. Nh4 {White is slightly better.} Nd7 17. Nhf5 Bf8 $146 ({Predecessor:} 17... Nf8 18. Be3 f6 19. b4 Nb7 20. a4 Bf7 21. Nh5 Ne6 {1-0 (41) Kovachev,D (2202)-Joensen,J Tromsoe 2008}) 18. h4 Nc6 19. Ne3 $36 {[%mdl 2048] [#] Strongly threatening Nd5. White has strong initiative.} f6 20. Bb3+ Bf7 21. Bxf7+ Kxf7 22. Qb3+ c4 23. dxc4 {White is clearly better.} Na5 (23... Nc5 $16 24. Qd1 Kg8 25. cxb5 axb5) 24. Qd1 $18 {[#] Hoping for Qd5+.} Qc6 25. cxb5 axb5 26. a4 Kg8 27. axb5 Qxb5 28. Ngf5 Qc6 (28... Nb6 $142 29. h5 (29. Nxd6 Bxd6 30. Rxa5 Rxa5 $15) 29... Red8) 29. b4 Nc4 30. Rxa8 Rxa8 {Accuracy: White = 77%, Black = 38%.} 1-0

[Event "WALTON BAN-chT 2019"]
[Site "Bangladesh"]
[Date "2019.12.15"]
[Round "2.8"]
[White "Hossain, Showkat Pollab"]
[Black "Subrota, Biswas"]
[Result "0-1"]
[WhiteElo "2088"]
[BlackElo "2134"]
[Annotator "TA"]
[PlyCount "47"]
[EventDate "2019.12.07"]
[EventType "team-tourn"]
[EventCountry "BAN"]
[SourceTitle "playchess.com"]
[Source "ChessBase"]
[SourceQuality "1"]

{[%evp 13,47,26,24,-4,0,-22,-17,-18,11,0,1,-32,-38,-61,13,13,13,7,0,0,22,8,89,72,116,100,110,45,160,24,86,19,17,18,20,-6]} 1. e4 e5 2. Nf3 Nc6 3. Bc4 Nf6 4. d3 Be7 5. c3 O-O 6. O-O d6 7. Re1 Na5 8. Nbd2 {[%cal Bb1d2,Bd2c4,Bc4e3][%mdl 32] C55: Two Knights: 4 d3, 4 d4 exd4 5 e5 and Max Lange Attack} (8. Bb5 a6 9. Ba4 c5 10. Nbd2 b5 11. Bc2 h6 12. Nf1 Nc6 13. h3 Re8 14. Ng3 Bf8 15. d4 cxd4 16. cxd4 exd4 17. Nxd4 Bb7 18. Nxc6 Bxc6 19. Bd2 Rc8 20. Bc3 d5 21. e5 Ne4 22. Nxe4 dxe4 23. Qxd8 Rexd8 24. a3 g5 25. Bxe4 Bxe4 26. Rxe4 {½-½ (66) Praggnanandhaa,R (2569)-Kryvoruchko,Y (2686) Abu Dhabi 2019}) 8... c6 9. b4 Nxc4 10. Nxc4 Kh8 11. h3 $146 ({Predecessor:} 11. a4 Be6 12. Ne3 Ng4 13. h3 Nxe3 14. Bxe3 f5 15. exf5 Bxf5 {0-1 (34) Perez Perez,O (2200)-Vitier Vazquez,C (2368) Havana 2018}) 11... Be6 12. Ne3 a5 13. a3 g6 (13... axb4 $15 14. cxb4 d5) 14. Bb2 $11 Nh5 15. d4 f6 16. c4 Kg8 17. c5 exd4 (17... axb4 $11 {keeps the balance.} 18. axb4 Rxa1 19. Qxa1 Nf4) 18. Nxd4 $16 Bf7 19. cxd6 Qxd6 20. b5 (20. Ng4 $16) 20... c5 {[#]} (20... cxb5 $14 21. Nxb5 Qxd1 22. Raxd1 Bc5) 21. Ne2 (21. e5 $1 $16 {[%cal Re5d6]} fxe5 22. Nf3) 21... Rad8 (21... Qxd1 $11 22. Rexd1 (22. Raxd1 Rad8 $14) 22... Rad8) 22. Qxd6 (22. Qa4 $16) 22... Rxd6 $11 23. g4 Ng7 24. Nf4 {[%mdl 32768] Accuracy: White = 23%, Black = 30%. . Loss on time!?} 0-1

[Event "WALTON BAN-chT 2019"]
[Site "Bangladesh"]
[Date "2019.12.15"]
[Round "3.1"]
[White "Thapa, Krishna"]
[Black "Jobava, Baadur"]
[Result "0-1"]
[WhiteElo "1958"]
[BlackElo "2604"]
[Annotator "TA"]
[PlyCount "68"]
[EventDate "2019.12.07"]
[EventType "team-tourn"]
[EventCountry "BAN"]
[SourceTitle "playchess.com"]
[Source "ChessBase"]
[SourceQuality "1"]

{[%evp 12,68,1,-22,-29,-55,-26,-44,-47,-41,-39,-72,-78,-70,-77,-86,-78,-77,-75,-92,-56,-56,-52,-67,-54,-58,-60,-65,-64,-76,-53,-170,-72,-84,-76,-165,-133,-207,-203,-245,-247,-286,-283,-280,-261,-517,-512,-529,-518,-469,-389,-387,-387,-367,-372,-634,-608,-756,-753]} 1. d4 d5 2. Nf3 c6 3. g3 Bf5 4. Bg2 e6 5. O-O Nd7 {[%cal Bb8d7,Bd7b6,Bb6d5][%mdl 32]} 6. c4 Ngf6 7. Nc3 dxc4 {D11: Slav Defence: 3 Nf3 sidelines and 3...Nf6 4 e3 Bg4} (7... Be7 8. Nh4 Bg4 9. h3 Bh5 10. g4 Bg6 11. cxd5 Nxd5 12. Nxg6 hxg6 13. e4 Nxc3 14. bxc3 Qc7 15. a4 Rd8 16. Be3 {1-0 (34) Nisipeanu,L (2656)-Parligras,M (2629) Khanty-Mansiysk 2019}) 8. Nd2 Nb6 $1 9. e4 Bg6 {Black is slightly better.} 10. e5 Nfd5 11. Be4 $146 ({Predecessor:} 11. Nde4 Be7 12. h4 Nxc3 13. bxc3 Nd5 14. Bd2 b5 15. h5 {0-1 (44) Perez Ramos,F-O'Neill Y Daneiko,J Asturias 1995}) 11... Nxc3 12. bxc3 Nd5 13. Qf3 b5 14. h4 Be7 15. h5 Bxe4 16. Nxe4 O-O 17. Qg4 {With the idea Bh6!} Kh8 $1 18. h6 {[%csl Gh6][%cal Rg4g7]} g6 19. Bd2 a5 20. Rac1 Ra7 21. f4 {[#]} (21. Rb1 $1 $15) 21... b4 (21... c5 $1 $19 {[%mdl 512] and Black stays clearly on top. White must now prevent ...b4.} 22. Nxc5 (22. dxc5 f5) 22... Bxc5 23. dxc5 Qe7) 22. Qe2 $17 Nb6 23. Be3 (23. Rb1 $17) 23... Qd5 24. Nd2 (24. Bf2 $17) 24... Rb8 $19 25. cxb4 c3 {[%mdl 64] [#] Discovered Attack, Zwischenzug} ({Don't take} 25... axb4 26. Nxc4 Nxc4 27. Rxc4) 26. Rxc3 axb4 {[%cal Ba5b4,Bb4b3,Bb3b2][%mdl 32]} 27. Rc2 Rxa2 28. Nb3 $2 (28. Rxa2 {was necessary.} Qxa2 29. Qd3) 28... Ra3 29. Nd2 b3 30. Rcc1 b2 31. Rc2 Qb5 32. Qxb5 cxb5 33. Kf2 $2 (33. Rxb2 Rxe3 34. Rxb5 Rxg3+ 35. Kf2) 33... Nd5 34. Re1 Nb4 {Accuracy: White = 19%, Black = 77%.} ({Weaker is} 34... Nxe3 35. Rxe3 Ra2 36. Nb1 $15) 0-1